Score 0/32 Timer 04:00
1 Play Today
Hint 4-Letter Word % Correct
Heaven alternativeHELL
94.6%
'It's ___ a long, long time'BEEN
93.2%
◆ Inventor of the first practical telephone ◆◆ BELL ◆
93.1%
Make well againHEAL
92.6%
Romantic appointmentDATE
89.2%
Witch's concoctionBREW
89.2%
Comic ChappelleDAVE
87.7%
◆ Pioneer of the first internal combustion engine ◆
or Mercedes-___
◆ BENZ ◆
87.4%
Confident font?BOLD
87.4%
Area for raising crops or animalsFARM
87%
Do a laundry day taskFOLD
86.5%
Cotton seed capsuleBOLL
85.8%
◆ Developer of the assembly line ◆
or river crossing
◆ FORD ◆
85.3%
◆ Discoverer of several alkali & alkaline-earth metals ◆
or ___ Crockett
◆ DAVY ◆
85%
Original voice of Mickey MouseWALT
83.7%
◆ Chemist with an eponymous steam engine ◆
or lightbulb measure
◆ WATT ◆
83.6%
Hint 4-Letter Word % Correct
Softened grain used in brewingMALT
83.3%
Dismissive slang, 'Get ___'BENT
82%
Light machine gunBREN
81.7%
Sing loudlyBELT
81.4%
Get all mushyMELT
80.3%
PaperworkFORM
79.1%
◆ Inventor of masking & cellophane tapes ◆
or took a card
◆ DREW ◆
75.3%
Marked by undulationWAVY
74.3%
SuspiciousWARY
72.9%
Tap outputBEER
72.8%
Quite cordialWARM
71.9%
Try judiciallyHEAR
67.5%
Restrain, as one's breathBATE
64.2%
Piece of insulationBATT
61.2%
Transmission settingGEAR
53.3%
◆ Inventor of the medical syringe ◆
or Will of 'The Waltons'
◆ GEER ◆
51.2%

Today's Daily Dose

Remove Ads.
Support Sporcle.
Get the best of Sporcle when you Go Orange. This ad-free experience offers more features, more stats, and more fun while also helping to support Sporcle. Thank you for becoming a member.

You're not logged in!

Compare scores with friends on all Sporcle quizzes.
OR
Log In

Show Comments

Extras

Top Quizzes Today


Score Distribution

Your Account Isn't Verified!

In order to create a playlist on Sporcle, you need to verify the email address you used during registration. Go to your Sporcle Settings to finish the process.

Report this User

Report this user for behavior that violates our Community Guidelines.

Details: